LEADER 02492nam2 2200637 450 001 000008937 005 20141211100915.0 010 $a0-674-99537-6 100 $a20011114d1998----km-y0itay0103----ba 101 2 $agrc$aeng 102 $aUS$aGB 200 1 $aClouds, Wasps, Peace$fAristophanes$gedited and translated by Jeffrey Henderson 210 $aCambridge, Massachusetts ; London, England$cHarvard University Press$d1998 215 $a606 p.$d17 cm 225 2 $a<> Loeb classical library 300 $aTraduzione inglese con testo greco a fronte 410 0$12001$a<> Loeb classical library 461 1 $1001000008936$12001$aAristophanes$vvol. 2 500 11$aNubes / Aristophanes$917940 500 11$aVespae / Aristophanes$917941 500 11$aPax / Aristophanes$917942 501 1 $aComoediae / Aristophanes 676 $a882.01$v(22. ed.)$9Dramma e poesia drammatica in greco classico. Origini-500 700 0$aAristophanes$f$0160835 702 1$aHenderson,$bJeffrey 801 0$aIT$bUniversità della Basilicata - B.I.A.$gREICAT$2unimarc 912 $a000008937 996 $aNubes$917940 996 $aPax$917942 996 $aVespae$917941 997 $aUNIBAS CAT $aEXT001$b01$c20011114$lBAS01$h1711 CAT $aDILEO$b01$c20011128$lBAS01$h0939 CAT $c20050601$lBAS01$h1754 CAT $abatch$b01$c20050718$lBAS01$h1050 CAT $c20050718$lBAS01$h1109 CAT $c20050718$lBAS01$h1139 CAT $c20050718$lBAS01$h1153 CAT $aBATCH$b00$c20070503$lBAS01$h1735 CAT $aEXT013$b01$c20140703$lBAS01$h1138 CAT $aEXT013$b01$c20140703$lBAS01$h1139 CAT $aEXT013$b01$c20140703$lBAS01$h1140 CAT $aEXT013$b01$c20140703$lBAS01$h1141 CAT $aEXT013$b01$c20140704$lBAS01$h0844 CAT $aEXT013$b01$c20140704$lBAS01$h0844 CAT $aEXT013$b01$c20140704$lBAS01$h0850 CAT $aEXT013$b01$c20140902$lBAS01$h1104 CAT $aEXT013$b01$c20140902$lBAS01$h1108 CAT $aEXT013$b01$c20140905$lBAS01$h0845 CAT $aATR$b40$c20141111$lBAS01$h1425 CAT $aATR$b00$c20141124$lBAS01$h0958 CAT $aEXT013$b01$c20141124$lBAS01$h0958 CAT $aEXT013$b01$c20141124$lBAS01$h1001 CAT $aEXT013$b01$c20141211$lBAS01$h1009 FMT Z30 -1$lBAS01$LBAS01$mBOOK$1BASA1$APolo Storico-Umanistico$2DSLF$BCollezione DiSLF$3FP/CLASSICI 864B$65802$5F5802$820011114$b2$f04$FPrestabile Didattica$hVol. 2 LEADER 01405nam 2200313 450 001 000045161 005 20181024101546.0 100 $a20180921d1971----km-y0itaa50------ba 101 0 $afre 102 $aFR 200 1 $aTheatre complet$fCorneille$g[texte etabli avec introduction, chronologie, note bibliographique, notices, notes et choix de variantes par Georges Couton] 210 $aParis$cGarnier frères$d1971 215 $aLII, 1155 p.$cill.$d19 cm 225 2 $aClassiques Garnier 327 $aVol. 1: [Discours du poeme dramatique. Discours de la tragedie. Discours des trois unites. Melite. Clitandre. La veuve. La galerie du palais. La suivante. La place royale. La comedie des tuileries. Medee. L'illusion. Le cid. Horace. Cinna]. - LII, 1155 p. 410 0$12001$aClassiques Garnier 700 1$aCorneille,$bPierre$f<1606-1684>$0131516 702 1$aCouton,$bGeorges 801 0$aIT$bUniversità della Basilicata - B.I.A.$gREICAT$2unimarc 912 $a000045161 996 $aTh??tre complet$9148448 997 $aUNIBAS BAS $aLETTERE CAT $aMDL$b00$c20180921$lBAS01$h1044 CAT $aMDL$b00$c20180921$lBAS01$h1045 CAT $aMDL$b30$c20181024$lBAS01$h1014 CAT $aMDL$b30$c20181024$lBAS01$h1015 FMT Z30 -1$lBAS01$LBAS01$mBOOK$1BASA1$APolo Storico-Umanistico$2GEN$BCollezione generale$659097$5L59097$820180921$f04$FPrestabile Didattica$hVol. 1